Egy korrupciós botránysorozat anatómiája
Elmentve itt :
| Szerző: | |
|---|---|
| Adatforrás: | Meister |
| Forrásdokumentuma: | Korunk. - 7 sz., 1993, 59-67 p. |
| Nyelv: | magyar |
| Kulcsszavak: | politika-szociológia sajtó politikai intézmények korrupció maffia (román) Románia Evenimentul Zilei Romania Libera Libertatea Romania Mare |
| LEADER | 00609nab a2200229 i 4500 | ||
|---|---|---|---|
| 001 | bibPRO00002523 | ||
| 008 | 060524s1993 xx hun | ||
| 040 | |a Sz1 | ||
| 041 | |a hun | ||
| 100 | 1 | |a BÁNYAI Péter | |
| 245 | 1 | 4 | |a Egy korrupciós botránysorozat anatómiája |c BÁNYAI Péter |
| 695 | |a politika-szociológia | ||
| 695 | |a sajtó | ||
| 695 | |a politikai intézmények | ||
| 695 | |a korrupció | ||
| 695 | |a maffia (román) | ||
| 695 | |a Románia | ||
| 695 | |a Evenimentul Zilei | ||
| 695 | |a Romania Libera | ||
| 695 | |a Libertatea | ||
| 695 | |a Romania Mare | ||
| 773 | 0 | |t Korunk. - |g 7 sz., 1993, 59-67 p. | |